[Event "Wch Blitz"]
[Site "Samarkand"]
[Date "2023.12.30"]
[Round "18"]
[White "Bryakin, Mikhail"]
[Black "Nafri, Khalil"]
[Result "1-0"]
[WhiteElo "2486"]
[BlackElo "2248"]
[PlyCount "83"]
[EventDate "2023.12.29"]
[EventType "swiss (blitz)"]
[EventRounds "21"]
[EventCountry "UZB"]
[SourceTitle "CB01_2024"]
[SourceDate "2024.01.03"]
[SourceVersion "1"]
[SourceVersionDate "2024.01.03"]
[SourceQuality "1"]

1. g4 d5 2. Bg2 Bxg4 3. c4 c6 4. Qb3 Qb6 5. cxd5 Qxb3 6. axb3 cxd5 7. Bxd5 Nc6 8. Nc3 Nf6 9. Bg2 Nd4 10. Bxb7 Rb8 11. Rxa7 Nxb3 12. Kd1 e5 13. Bc6+ Bd7 14. Bxd7+ Nxd7 15. Nh3 Bc5 16. Ra6 f6 17. d3 Bd4 18. Be3 Nbc5 19. Ra2 Kf7 20. Kc2 Nb3 21. Bxd4 exd4 22. Ne4 Rhc8+ 23. Kb1 f5 24. Nd6+ Ke6 25. Nxc8 Rxc8 26. Ra6+ Ke7 27. Nf4 Ndc5 28. Ra7+ Kf6 29. Nh5+ Ke5 30. Nxg7 Nd2+ 31. Ka2 Ncb3 32. e3 Rc2 33. f4+ Kd5 34. Nxf5 Rc8 35. e4+ Kc5 36. Ra3 Kb4 37. Ne7 Nc1+ 38. Rxc1 Rxc1 39. Nd5+ Kb5 40. Ra7 Nf3 41. Rb7+ Kc6 42. Rc7+ 1-0

[Event "Wch Blitz"]
[Site "Samarkand"]
[Date "2023.12.30"]
[Round "20"]
[White "Song, Raymond"]
[Black "Nafri, Khalil"]
[Result "1-0"]
[WhiteElo "2503"]
[BlackElo "2248"]
[PlyCount "59"]
[EventDate "2023.12.29"]
[EventType "swiss (blitz)"]
[EventRounds "21"]
[EventCountry "UZB"]
[SourceTitle "CB01_2024"]
[SourceDate "2024.01.03"]
[SourceVersion "1"]
[SourceVersionDate "2024.01.03"]
[SourceQuality "1"]

1. d4 Nf6 2. c4 g6 3. g3 Bg7 4. Bg2 0-0 5. Nc3 d6 6. Nf3 a6 7. 0-0 Nc6 8. b3 Rb8 9. d5 Na5 10. Bg5 c5 11. dxc6 Nxc6 12. Rc1 Bf5 13. Nd5 Nxd5 14. cxd5 Ne5 15. Nd4 Bd7 16. h3 h6 17. Be3 g5 18. Qd2 Rc8 19. f4 gxf4 20. Bxf4 Qb6 21. Be3 Rxc1 22. Rxc1 Rc8 23. Nc6 Qxe3+ 24. Qxe3 bxc6 25. dxc6 Bxc6 26. Bxc6 Nxc6 27. Kg2 e6 28. Qd3 d5 29. Qxa6 Rc7 30. Rxc6 1-0

[Event "Wch Blitz"]
[Site "Samarkand"]
[Date "2023.12.29"]
[Round "8"]
[White "Tregubenko, Nikolay"]
[Black "Nafri, Khalil"]
[Result "1/2-1/2"]
[WhiteElo "2017"]
[BlackElo "2248"]
[PlyCount "131"]
[EventDate "2023.12.29"]
[EventType "swiss (blitz)"]
[EventRounds "21"]
[EventCountry "UZB"]
[SourceTitle "CB01_2024"]
[SourceDate "2024.01.03"]
[SourceVersion "1"]
[SourceVersionDate "2024.01.03"]
[SourceQuality "1"]

1. e4 c5 2. Nf3 Nc6 3. d4 cxd4 4. Nxd4 Nf6 5. Nc3 e5 6. Ndb5 d6 7. Bg5 a6 8. Na3 b5 9. Nd5 Be7 10. Bxf6 Bxf6 11. c3 0-0 12. Nc2 Bg5 13. a4 bxa4 14. Rxa4 a5 15. Bc4 Be6 16. Nce3 Rb8 17. b3 Bxe3 18. Nxe3 Qc7 19. 0-0 Rfd8 20. Nd5 Qd7 21. Qd3 Kh8 22. g3 f5 23. exf5 Bxf5 24. Qe3 Be6 25. Rd1 Ne7 26. Rxa5 Bxd5 27. Bxd5 Nxd5 28. Raxd5 Rxb3 29. Rxd6 Qxd6 30. Rxd6 Rxd6 31. Qxe5 Rd8 32. c4 Rbb8 33. c5 Rdc8 34. Qd6 Rb1+ 35. Kg2 Rc1 36. h4 R1xc5 37. g4 h6 38. Kg3 Rc3+ 39. f3 R3c6 40. Qd7 R6c7 41. Qd4 Rc4 42. Qe5 R4c5 43. Qa1 Rc1 44. Qb2 R1c2 45. Qb1 Rc1 46. Qb5 R1c5 47. Qf1 Rc1 48. Qg2 R1c2 49. Qh3 R2c3 50. g5 Rxf3+ 51. Kxf3 Rc3+ 52. Kg2 Rxh3 53. Kxh3 hxg5 54. hxg5 Kh7 55. Kh4 Kg6 56. Kg4 Kf7 57. Kf5 Kf8 58. Ke5 Ke7 59. Kf5 Kf7 60. g6+ Kf8 61. Ke6 Ke8 62. Kd6 Kd8 63. Kd5 Kd7 64. Ke5 Ke7 65. Kf5 Kd6 66. Ke4 1/2-1/2

[Event "Wch Rapid"]
[Site "Samarkand"]
[Date "2023.12.27"]
[Round "8"]
[White "Nafri, Khalil"]
[Black "Bogdan, David"]
[Result "1/2-1/2"]
[WhiteElo "2248"]
[BlackElo "1671"]
[PlyCount "85"]
[EventDate "2023.12.26"]
[EventType "swiss (rapid)"]
[EventRounds "13"]
[EventCountry "UZB"]
[SourceTitle "CB01_2024"]
[SourceDate "2024.01.03"]
[SourceVersion "1"]
[SourceVersionDate "2024.01.03"]
[SourceQuality "1"]

1. e4 c5 2. Nf3 Nc6 3. d4 cxd4 4. Nxd4 Qc7 5. Nc3 e6 6. Be2 Nf6 7. 0-0 a6 8. a3 Be7 9. Be3 b5 10. f4 d6 11. Nxc6 Qxc6 12. Bf3 e5 13. Nd5 Bd8 14. Qd2 0-0 15. Rad1 Be6 16. Nc3 Be7 17. f5 Bc4 18. Rfe1 Rac8 19. g4 Rfd8 20. g5 Ne8 21. Qg2 a5 22. Rd2 b4 23. axb4 axb4 24. Nd1 Nc7 25. b3 Bb5 26. Nf2 Qb7 27. Ng4 Kh8 28. f6 Bf8 29. fxg7+ Bxg7 30. Kh1 Ne6 31. Rg1 Qe7 32. Nf2 Rg8 33. Bg4 Bd7 34. Bf5 Nd4 35. Bxd4 exd4 36. Qh3 Bxf5 37. exf5 Qe3 38. Rgd1 Be5 39. g6 fxg6 40. fxg6 Qxh3 41. Nxh3 Rxg6 42. Ng1 Rc3 43. Rf1 1/2-1/2

[Event "Wch Rapid"]
[Site "Samarkand"]
[Date "2023.12.26"]
[Round "3"]
[White "Sjugirov, Sanan"]
[Black "Nafri, Khalil"]
[Result "1-0"]
[WhiteElo "2703"]
[BlackElo "2248"]
[PlyCount "62"]
[EventDate "2023.12.26"]
[EventType "swiss (rapid)"]
[EventRounds "13"]
[EventCountry "UZB"]
[SourceTitle "CB01_2024"]
[SourceDate "2024.01.03"]
[SourceVersion "1"]
[SourceVersionDate "2024.01.03"]
[SourceQuality "1"]

1. e4 c5 2. Nf3 Nc6 3. Bb5 e6 4. Bxc6 bxc6 5. Qe2 Ne7 6. h4 h5 7. d3 Ng6 8. e5 f6 9. Nc3 fxe5 10. Nxe5 Qf6 11. Nxg6 Qxg6 12. Bg5 Bd6 13. Ne4 Be5 14. 0-0-0 Rb8 15. c3 0-0 16. g3 c4 17. d4 Bc7 18. Rhe1 d5 19. Nc5 e5 20. dxe5 Bg4 21. Qe3 Rxb2 22. Kxb2 Rb8+ 23. Nb3 Bxd1 24. Rxd1 cxb3 25. axb3 Qf5 26. e6 Be5 27. e7 Re8 28. Re1 Bf6 29. Bxf6 Qxf6 30. Qxa7 Kf7 31. Qe3 Rxe7 1-0

[Event "Marrakesh Sekkat op 9th"]
[Site "Marrakesh"]
[Date "2016.11.27"]
[Round "2"]
[White "Nafri, Khalil"]
[Black "Amin, Bassem"]
[Result "1/2-1/2"]
[WhiteElo "2238"]
[BlackElo "2658"]
[PlyCount "60"]
[EventDate "2016.11.26"]
[EventType "swiss"]
[EventRounds "9"]
[EventCountry "MAR"]
[SourceTitle "EXT 2018"]
[Source "ChessBase"]
[SourceDate "2017.10.13"]
[SourceVersion "1"]
[SourceVersionDate "2017.10.13"]
[SourceQuality "1"]

1. e4 e5 2. Nf3 Nc6 3. d4 exd4 4. Nxd4 Nf6 5. Nxc6 bxc6 6. e5 Qe7 7. Qe2 Nd5 8. c4 Ba6 9. b3 g6 10. f4 g5 11. f5 0-0-0 12. Bb2 Qb4+ 13. Nd2 Bc5 14. a3 Qb6 15. 0-0-0 Bd4 16. Qe4 Bxb2+ 17. Kxb2 Ne3 18. Re1 Nxf1 19. Rhxf1 d5 20. exd6 Rxd6 21. Re2 Rhd8 22. Kc2 Qa5 23. Nb1 Rd4 24. Qe7 Qb6 25. Rf3 Rd1 26. Nc3 Rh1 27. Rfe3 Qd4 28. Qxf7 Kb8 29. Re8 Rxe8 30. Rxe8+ Kb7 1/2-1/2

[Event "Arab Clubs-chT"]
[Site "Agadir"]
[Date "2015.10.17"]
[Round "6.3"]
[White "Abdel Razik, Khaled"]
[Black "Nafri, Khalil"]
[Result "0-1"]
[WhiteElo "2419"]
[BlackElo "2240"]
[PlyCount "46"]
[EventDate "2015.10.13"]
[EventType "team-swiss"]
[EventRounds "9"]
[EventCountry "MAR"]
[SourceTitle "CBM 170 Extra"]
[Source "ChessBase"]
[SourceDate "2016.02.25"]
[SourceVersion "1"]
[SourceVersionDate "2016.02.25"]
[SourceQuality "1"]
[WhiteTeam "Sharkia Dokhan"]
[BlackTeam "Raja Casa"]
[WhiteTeamCountry "EGY"]
[BlackTeamCountry "MAR"]

1. d4 d5 2. Nf3 Nf6 3. c4 c6 4. Nc3 e6 5. e3 Nbd7 6. Qc2 Bd6 7. Bd3 dxc4 8. Bxc4 b5 9. Bd3 Bb7 10. 0-0 0-0 11. Bd2 Rc8 12. Ne4 Nxe4 13. Bxe4 f5 14. Bd3 c5 15. Qd1 c4 16. Be2 Rf6 17. Ng5 h6 18. Nh3 g5 19. f3 Qc7 20. Kh1 Bxh2 21. a4 g4 22. Nf4 Bxf4 23. exf4 g3 0-1

[Event "Arab Clubs-chT"]
[Site "Agadir"]
[Date "2015.10.17"]
[Round "5.3"]
[White "Mohannad, Farhan"]
[Black "Nafri, Khalil"]
[Result "0-1"]
[WhiteElo "2292"]
[BlackElo "2240"]
[PlyCount "71"]
[EventDate "2015.10.13"]
[EventType "team-swiss"]
[EventRounds "9"]
[EventCountry "MAR"]
[SourceTitle "CBM 170 Extra"]
[Source "ChessBase"]
[SourceDate "2016.02.25"]
[SourceVersion "1"]
[SourceVersionDate "2016.02.25"]
[SourceQuality "1"]
[WhiteTeam "Amanat Amman"]
[BlackTeam "Raja Casa"]
[WhiteTeamCountry "JOR"]
[BlackTeamCountry "MAR"]

1. d4 d5 2. c4 c6 3. Nf3 Nf6 4. Nc3 e6 5. cxd5 exd5 6. Bg5 Bd6 7. e3 Be6 8. Bd3 Nbd7 9. Qc2 Qc7 10. Bh4 h6 11. Bg3 a6 12. Nh4 0-0 13. Nf5 Bxf5 14. Bxf5 Rfe8 15. Bxd6 Qxd6 16. 0-0 Nf8 17. Rfe1 g6 18. Bd3 Ng4 19. g3 Kg7 20. Bf1 Ne6 21. Bg2 Re7 22. Rad1 Nf6 23. Ne2 Ng5 24. Nf4 h5 25. f3 Rae8 26. Qc3 h4 27. gxh4 Ne6 28. Nd3 Rh8 29. Ne5 Rxh4 30. f4 Re8 31. Qb3 Reh8 32. Qxb7 Nd8 33. Qxa6 Ne4 34. f5 Qf6 35. Nf3 R4h5 36. Nd2 0-1

[Event "Africa-ch"]
[Site "Cairo"]
[Date "2015.05.07"]
[Round "6"]
[White "Nafri, Khalil"]
[Black "Amdouni, Zoubaier"]
[Result "1/2-1/2"]
[WhiteElo "2230"]
[BlackElo "2338"]
[PlyCount "87"]
[EventDate "2015.05.02"]
[EventType "swiss"]
[EventRounds "9"]
[EventCountry "EGY"]
[SourceTitle "CBM 166 Extra"]
[Source "ChessBase"]
[SourceDate "2015.06.18"]
[SourceVersion "1"]
[SourceVersionDate "2015.06.18"]
[SourceQuality "1"]

1. e4 g6 2. d4 c6 3. Nc3 d5 4. Bf4 Qb6 5. exd5 Bg7 6. Be5 Nf6 7. dxc6 Nxc6 8. Bb5 0-0 9. Bxc6 bxc6 10. Na4 Qb5 11. b3 Bh6 12. Ne2 Ba6 13. c4 Qa5+ 14. Nac3 Ne4 15. Kf1 Nxc3 16. Qe1 f6 17. Bg3 Rad8 18. Rd1 e5 19. Qxc3 Qxc3 20. Nxc3 Rxd4 21. Ke2 Rfd8 22. Rxd4 exd4 23. Na4 d3+ 24. Kd1 Bc8 25. Bc7 Rd4 26. Re1 Kf7 27. Ba5 Rg4 28. Rg1 d2 29. Nc3 Rg5 30. Bc7 Bg4+ 31. Ne2 Rh5 32. f3 Bd7 33. g4 Rh3 34. Bg3 Be3 35. Rf1 h5 36. gxh5 Rxh5 37. Nf4 Ra5 38. a4 Bf5 39. Ng2 Bh6 40. Bf4 Bh3 41. Rf2 Bf8 42. Bxd2 Re5 43. Ne1 Bd7 44. Nd3 1/2-1/2

[Event "Africa-ch"]
[Site "Cairo"]
[Date "2015.05.02"]
[Round "1"]
[White "El Gindy, Essam"]
[Black "Nafri, Khalil"]
[Result "1-0"]
[WhiteElo "2450"]
[BlackElo "2230"]
[PlyCount "35"]
[EventDate "2015.05.02"]
[EventType "swiss"]
[EventRounds "9"]
[EventCountry "EGY"]
[SourceTitle "CBM 166 Extra"]
[Source "ChessBase"]
[SourceDate "2015.06.18"]
[SourceVersion "1"]
[SourceVersionDate "2015.06.18"]
[SourceQuality "1"]

1. d4 c5 2. d5 f5 3. g3 d6 4. Bg2 g6 5. Nh3 Nf6 6. 0-0 Bg7 7. Nf4 0-0 8. Nc3 Na6 9. a4 Nc7 10. Nb5 Nxb5 11. axb5 Qb6 12. c4 a6 13. Bd2 Qa7 14. Ba5 b6 15. Bc3 a5 16. Qc2 Bd7 17. Rae1 Kh8 18. h4 1-0

[Event "Africa-ch op"]
[Site "Tunis"]
[Date "2013.05.26"]
[Round "8"]
[White "Nafri, Khalil"]
[Black "Belkhodja, Slim"]
[Result "1/2-1/2"]
[WhiteElo "2191"]
[BlackElo "2444"]
[PlyCount "100"]
[EventDate "2013.05.18"]
[EventType "swiss"]
[EventRounds "9"]
[EventCountry "TUN"]
[SourceTitle "CBM 154 Extra"]
[Source "ChessBase"]
[SourceDate "2013.06.25"]
[SourceVersion "2"]
[SourceVersionDate "2013.06.25"]
[SourceQuality "1"]

1. e4 c5 2. Nf3 Nc6 3. d4 cxd4 4. Nxd4 Qc7 5. Nc3 e6 6. Be3 a6 7. Bd3 Nf6 8. 0-0 b5 9. Nxc6 Qxc6 10. e5 Bb7 11. f3 Bc5 12. Qe2 Nd5 13. Nxd5 Qxd5 14. Bxc5 Qxc5+ 15. Kh1 f5 16. a4 b4 17. c3 0-0 18. cxb4 Qxb4 19. Bc4 Rfc8 20. b3 Rc5 21. Rfd1 Bc6 22. h3 a5 23. Rd4 Qc3 24. Rad1 f4 25. R1d3 Qc1+ 26. Kh2 Rf8 27. Rd1 Qe3 28. Qxe3 fxe3 29. f4 g5 30. g3 gxf4 31. gxf4 Kf7 32. Re1 Rg8 33. h4 Rg2+ 34. Kh3 Rd2 35. Rxd2 exd2 36. Rd1 Bxa4 37. Rxd2 Bc6 38. Rd4 Ke7 39. Kg4 Kf8 40. Kg5 Kg7 41. Kg4 h6 42. Kg3 Kf8 43. Kg4 Kf7 44. Kg3 h5 45. Kf2 Ke7 46. Ke3 Bb7 47. Rd6 Rc7 48. Kd4 Bc6 49. f5 exf5 50. Rh6 Bf3 1/2-1/2

[Event "Africa-ch op"]
[Site "Tunis"]
[Date "2013.05.25"]
[Round "7"]
[White "Nafri, Khalil"]
[Black "Bouaziz, Mehdi"]
[Result "1/2-1/2"]
[WhiteElo "2191"]
[BlackElo "2228"]
[PlyCount "174"]
[EventDate "2013.05.18"]
[EventType "swiss"]
[EventRounds "9"]
[EventCountry "TUN"]
[SourceTitle "CBM 154 Extra"]
[Source "ChessBase"]
[SourceDate "2013.06.25"]
[SourceVersion "2"]
[SourceVersionDate "2013.06.25"]
[SourceQuality "1"]

1. e4 c5 2. Nf3 Nc6 3. d4 cxd4 4. Nxd4 g6 5. Be3 Nf6 6. Nc3 Bg7 7. Bc4 0-0 8. Bb3 a5 9. a4 Ng4 10. Qxg4 Nxd4 11. Qh4 Nxb3 12. cxb3 Ra6 13. 0-0 Re6 14. Rfe1 b6 15. Bh6 Bxh6 16. Qxh6 Qc7 17. Re3 Qe5 18. Rd1 Rd8 19. Red3 d6 20. Rd5 Qg7 21. Qxg7+ Kxg7 22. Rb5 d5 23. Rbxd5 Rxd5 24. Rxd5 f5 25. f3 Bb7 26. Rd4 Kf6 27. b4 fxe4 28. fxe4 Ke5 29. Rc4 Rc6 30. Rxc6 Bxc6 31. bxa5 bxa5 32. Kf2 Bxe4 33. g3 Kd4 34. Ke2 Bc6 35. Kd2 Kc4 36. Kc2 Kb4 37. b3 e5 38. Na2+ Ka3 39. Nc3 Kb4 40. Na2+ Ka3 41. Nc3 e4 42. Nb5+ Kb4 43. Nd4 Bd5 44. Kb2 Kc5 45. Nc2 Be6 46. Kc3 Bd5 47. b4+ axb4+ 48. Nxb4 Ba8 49. Nc2 g5 50. Ne3 Bb7 51. Ng4 Bc8 52. Nf6 Bf5 53. g4 Bg6 54. Nd7+ Kd6 55. Nf8 Be8 56. Nxh7 Ke5 57. a5 Bb5 58. Nxg5 Kf4 59. Ne6+ Kxg4 60. Kd4 Bc6 61. a6 Kf3 62. a7 e3 63. Kd3 Be4+ 64. Kc3 Ba8 65. Nd4+ Ke4 66. h3 Bd5 67. h4 Kf4 68. Kd3 Kg4 69. Kxe3 Kxh4 70. Kf4 Ba8 71. Nb3 Kh5 72. Ke5 Kg6 73. Kd6 Kf7 74. Kc7 Ke8 75. Nc5 Ke7 76. Nd7 Ke6 77. Nb6 Bg2 78. Na4 Ke7 79. Nc5 Ba8 80. Na6 Ke8 81. Kb8 Kd7 82. Nc5+ Kd8 83. Na4 Bg2 84. Nc5 Ba8 85. Ne6+ Kd7 86. Nc7 Bg2 87. Na6 Ba8 1/2-1/2

[Event "Africa-ch op"]
[Site "Tunis"]
[Date "2013.05.20"]
[Round "3"]
[White "Boudriga, Mohamed Ali"]
[Black "Nafri, Khalil"]
[Result "0-1"]
[WhiteElo "2234"]
[BlackElo "2191"]
[PlyCount "96"]
[EventDate "2013.05.18"]
[EventType "swiss"]
[EventRounds "9"]
[EventCountry "TUN"]
[SourceTitle "CBM 154 Extra"]
[Source "ChessBase"]
[SourceDate "2013.06.25"]
[SourceVersion "2"]
[SourceVersionDate "2013.06.25"]
[SourceQuality "1"]

1. e4 c5 2. Nf3 Nc6 3. Bb5 g6 4. Bxc6 dxc6 5. d3 Bg7 6. h3 e5 7. Be3 Qe7 8. Qd2 Nf6 9. Nc3 Nd7 10. Bh6 Bxh6 11. Qxh6 f6 12. Qd2 Nf8 13. Nh2 Ne6 14. Ne2 Qc7 15. 0-0 g5 16. Ng4 Nf4 17. Nxf6+ Kf7 18. Ng4 Bxg4 19. hxg4 h5 20. g3 hxg4 21. f3 Kg6 22. gxf4 gxf4 23. fxg4 Raf8 24. Ng3 fxg3 25. Rf5 Qd8 26. Qe3 Qh4 27. Kg2 Qxg4 28. Qxg3 Qxg3+ 29. Kxg3 Rxf5 30. exf5+ Kxf5 31. b3 Ke6 32. c4 Rd8 33. Rd1 e4 34. Re1 Rxd3+ 35. Kf4 e3 36. Ke4 Rd2 37. Rxe3 Rxa2 38. Kd3+ Kd6 39. Rh3 b5 40. cxb5 cxb5 41. Rh6+ Kc7 42. Kc3 Kb7 43. Rg6 Ra6 44. Rg7+ Kb6 45. Rh7 Ra2 46. Rh8 Rg2 47. Rh4 b4+ 48. Kd3 Rb2 0-1

[Event "Nouakchott zt 4.1"]
[Site "Nouakchott"]
[Date "2013.04.03"]
[Round "7"]
[White "Nafri, Khalil"]
[Black "Haddouche, Mohamed Amine"]
[Result "1/2-1/2"]
[WhiteElo "2157"]
[BlackElo "2464"]
[PlyCount "79"]
[EventDate "2013.03.29"]
[EventType "swiss"]
[EventRounds "9"]
[EventCountry "MAU"]
[SourceTitle "EXT 2015"]
[Source "ChessBase"]
[SourceDate "2014.11.20"]
[SourceVersion "1"]
[SourceVersionDate "2014.11.20"]
[SourceQuality "1"]

1. e4 e5 2. Nf3 Nc6 3. d4 exd4 4. Nxd4 Bc5 5. Nb3 Bb6 6. a4 a6 7. Nc3 Nf6 8. Bg5 h6 9. Bxf6 Qxf6 10. Qd2 0-0 11. Bd3 d6 12. Nd5 Qxb2 13. 0-0 Bd7 14. a5 Ba7 15. Nc3 Nd4 16. Nxd4 Bxd4 17. Ne2 Bc5 18. Rab1 Qe5 19. Rxb7 Rfc8 20. Ng3 Bc6 21. Rbb1 h5 22. Rfe1 h4 23. Nf5 h3 24. Qg5 Re8 25. Bc4 hxg2 26. Bd5 Bxd5 27. exd5 Qxe1+ 28. Rxe1 Rxe1+ 29. Kxg2 g6 30. Ne7+ Kh7 31. Qf6 Rf8 32. Nf5 gxf5 33. Qxf5+ Kg7 34. Qg5+ Kh7 35. Qh5+ Kg8 36. Qg5+ Kh7 37. Qh5+ Kg7 38. Qg5+ Kh8 39. Qh6+ Kg8 40. Qg5+ 1/2-1/2

[Event "Nouakchott zt 4.1"]
[Site "Nouakchott"]
[Date "2013.03.30"]
[Round "3"]
[White "Nafri, Khalil"]
[Black "Taleb Mohamed, Ahmed"]
[Result "1-0"]
[WhiteElo "2157"]
[BlackElo "1983"]
[PlyCount "94"]
[EventDate "2013.03.29"]
[EventType "swiss"]
[EventRounds "9"]
[EventCountry "MAU"]
[SourceTitle "EXT 2015"]
[Source "ChessBase"]
[SourceDate "2014.11.20"]
[SourceVersion "1"]
[SourceVersionDate "2014.11.20"]
[SourceQuality "1"]

1. e4 e5 2. Nf3 Nc6 3. d4 exd4 4. Nxd4 Bc5 5. Nb3 Bb4+ 6. c3 Be7 7. f4 d6 8. Bd3 Bh4+ 9. g3 Be7 10. Be3 Nf6 11. N1d2 Ng4 12. Bg1 a5 13. Qe2 a4 14. Nd4 Nxd4 15. Bxd4 c5 16. Bxg7 Rg8 17. Bb5+ Bd7 18. h3 Rxg7 19. hxg4 Qb6 20. Bxd7+ Kxd7 21. Nc4 Qc7 22. Ne3 a3 23. Nd5 Qa5 24. b4 cxb4 25. cxb4 Qa6 26. g5 Qxe2+ 27. Kxe2 Bd8 28. Rac1 Rc8 29. Rxc8 Kxc8 30. Rc1+ Kd7 31. Rc3 h6 32. gxh6 Rh7 33. Rxa3 Rxh6 34. Ra7 Kc6 35. a4 f5 36. Ra8 fxe4 37. Nc3 Rh2+ 38. Ke3 Bb6+ 39. Kxe4 d5+ 40. Nxd5 Re2+ 41. Kd3 Rg2 42. Ne7+ Kd7 43. Nf5 Ke6 44. Nd4+ Kd5 45. Ne2 Bf2 46. Rd8+ Kc6 47. f5 Bxg3 1-0

[Event "Gibraltar Masters 11th"]
[Site "Caleta"]
[Date "2013.01.31"]
[Round "10"]
[White "Godard, Maxence"]
[Black "Nafri, Khalil"]
[Result "1-0"]
[WhiteElo "2340"]
[BlackElo "2091"]
[PlyCount "54"]
[EventDate "2013.01.22"]
[EventType "swiss"]
[EventRounds "10"]
[EventCountry "GGB"]
[SourceTitle "CBM 153"]
[Source "ChessBase"]
[SourceDate "2013.03.14"]
[SourceVersion "1"]
[SourceVersionDate "2013.03.14"]
[SourceQuality "1"]

1. d4 Nf6 2. Nf3 g6 3. c4 Bg7 4. Nc3 0-0 5. e4 d6 6. h3 e5 7. d5 Nh5 8. Nh2 Nf4 9. g3 Nxh3 10. Nf3 g5 11. Rxh3 g4 12. Rh2 gxf3 13. Qxf3 Qf6 14. Qh1 Qg6 15. Be2 f5 16. Bd2 Na6 17. 0-0-0 Nc5 18. f3 a5 19. Rh5 Bd7 20. Qh2 fxe4 21. Rg5 Qf6 22. fxe4 Qf2 23. Qh4 Be8 24. Rh1 h5 25. Bxh5 Nd3+ 26. Kb1 Qxd2 27. Bf7+ Kxf7 1-0

[Event "Gibraltar Challengers-B 11th"]
[Site "Caleta"]
[Date "2013.01.29"]
[Round "4"]
[White "Galvan, Jesus"]
[Black "Nafri, Khalil"]
[Result "0-1"]
[WhiteElo "2231"]
[BlackElo "2055"]
[PlyCount "136"]
[EventDate "2013.01.26"]
[EventType "swiss"]
[EventRounds "5"]
[EventCountry "GGB"]
[SourceTitle "EXT 2014"]
[Source "ChessBase"]
[SourceDate "2013.11.20"]
[SourceVersion "1"]
[SourceVersionDate "2013.11.20"]
[SourceQuality "1"]

1. d4 Nf6 2. c4 g6 3. Nc3 Bg7 4. e4 d6 5. f4 0-0 6. Nf3 c5 7. d5 e6 8. Be2 exd5 9. exd5 Bf5 10. 0-0 Re8 11. Bd3 Qd7 12. Qc2 Na6 13. a3 Nc7 14. Rb1 b5 15. Nxb5 Nxb5 16. cxb5 Nxd5 17. Bxf5 gxf5 18. Rd1 Nb6 19. a4 Qe6 20. b3 Qe4 21. Qxe4 fxe4 22. Ne1 Bd4+ 23. Kh1 Nd5 24. Bb2 Ne3 25. Rd2 Bxb2 26. Rbxb2 d5 27. Kg1 Rad8 28. Rb1 d4 29. Rc1 Rd5 30. h3 h5 31. g4 hxg4 32. hxg4 Nxg4 33. b4 cxb4 34. Rc4 d3 35. Rxb4 f5 36. a5 Rb8 37. b6 axb6 38. Rxb6 Rxb6 39. axb6 Rb5 40. Nxd3 exd3 41. Rxd3 Rxb6 42. Kg2 Kf7 43. Ra3 Kg6 44. Kg3 Re6 45. Kf3 Kh5 46. Ra5 Re3+ 47. Kg2 Nh6 48. Ra6 Rb3 49. Rf6 Ra3 50. Kg1 Ra5 51. Kg2 Ng4 52. Rf8 Kg6 53. Rg8+ Kf7 54. Rb8 Ra3 55. Rb6 Nf6 56. Rb5 Kg6 57. Rb6 Rd3 58. Ra6 Kf7 59. Rb6 Rd4 60. Kg3 Ne4+ 61. Kh4 Rd6 62. Rb7+ Kf6 63. Rb3 Nc5 64. Rb8 Ne6 65. Rh8 Nxf4 66. Rh6+ Ke5 67. Rh8 Kf6 68. Rf8+ Ke5 0-1

[Event "Marrakesh op 1st"]
[Site "Marrakesh"]
[Date "2010.06.26"]
[Round "1"]
[White "Nafri, Khalil"]
[Black "Guseinov, Gadir"]
[Result "0-1"]
[WhiteElo "2091"]
[BlackElo "2602"]
[PlyCount "85"]
[EventDate "2010.06.26"]
[EventType "swiss"]
[EventRounds "9"]
[EventCountry "MAR"]
[SourceTitle "CBM 137 Extra"]
[Source "ChessBase"]
[SourceDate "2010.09.01"]
[SourceVersion "1"]
[SourceVersionDate "2010.09.01"]
[SourceQuality "1"]

1. e4 c5 2. Nf3 g6 3. d4 cxd4 4. Nxd4 Nc6 5. Be3 Nf6 6. Nc3 Bg7 7. Bc4 0-0 8. Bb3 a5 9. a4 Ng4 10. Qxg4 Nxd4 11. Qh4 Nxb3 12. cxb3 Bf6 13. Bg5 Bxg5 14. Qxg5 d6 15. 0-0 Be6 16. Nd5 Bxd5 17. exd5 e5 18. Qe3 Ra6 19. Rac1 Qb6 20. Rfe1 Re8 21. Rc4 Qxe3 22. Rxe3 Rb6 23. Kf1 Kg7 24. b4 axb4 25. Rb3 e4 26. Rcxb4 Rxb4 27. Rxb4 Re7 28. Ke2 f5 29. Rb6 Rd7 30. f3 exf3+ 31. gxf3 g5 32. Ke3 f4+ 33. Kd4 h5 34. h3 g4 35. hxg4 hxg4 36. Rb3 g3 37. Ra3 Re7 38. b4 Kf6 39. a5 Kg5 40. Ra1 g2 41. Rg1 Re2 42. Kd3 Rb2 43. b5 0-1